Εμείς και οι άλλοι
Αποθηκεύτηκε σε:
| Κύριος συγγραφέας: | |
|---|---|
| Άλλοι συγγραφείς: | , |
| Μορφή: | Βιβλίο |
| Γλώσσα: | Greek German |
| Δημοσίευση: |
[Αθήνα] :
Κωτσιανάς,
[c1979].
|
| Θέματα: | |
| Ετικέτες: |
Προσθήκη ετικέτας
Δεν υπάρχουν, Καταχωρήστε ετικέτα πρώτοι!
|
MARC
| LEADER | 00000cam a2200000 i 4500 | ||
|---|---|---|---|
| 001 | 1/99839 | ||
| 008 | 081219s1979 gr | ||| |||| ||gre|| | ||
| 035 | |l 10102621 | ||
| 040 | |a GR-MY-UA |b gre |e aacr | ||
| 041 | 1 | |a gre |h ger | |
| 082 | 7 | |a 302.072 |2 (22) | |
| 100 | 1 | |a Hinst, Klaus, |d 1939- | |
| 245 | 1 | 0 | |a Εμείς και οι άλλοι / |c Κλάους Χινστ ; επιλογή και επιμέλεια ύλης: Χρίστος Αλεξόπουλος ; μετάφραση από τα γερμανικά: Μαριάννα Πανουσάκη. |
| 260 | |a [Αθήνα] : |b Κωτσιανάς, |c [c1979]. | ||
| 300 | |a 173 σ. ; |c 22 εκ. | ||
| 500 | |a τίτλος πρωτοτύπου: Wir und die anderen. | ||
| 504 | |a Βιβλιογραφία: σ. [165]-170. Ευρετήριο. | ||
| 650 | 0 | 0 | |a Social psychology |x Research. |
| 650 | 0 | 0 | |a Public opinion. |
| 700 | 1 | |a Αλεξόπουλος, Χρίστος, |e edt | |
| 700 | 1 | |a Πανουσάκη, Μαριάννα, |e trlf | |
| 852 | |a INST |b RHODES |c AKA |e 20081219 |h 302.072 HIN |p 005400031670 |q 005400031670 |t BK |y 0 | ||
| 901 | |a BIBL4-2008-3 | ||
| 909 | |a Ρ |b 156803 | ||
| 970 | |a ΚΟΖΑ |b ΜΑΡΙΑ |z 2008/12/19 | ||